00424 a2200145 450000500170000002000220001708200140003910000170005324500380007025000130010826000400012130000710016170000210023270000250025320250620122547.0 a978-0-07-722893-4 a658.5 JAC aJACOBS, R. F aOperations and Supply Management  a12th Ed. aNew YorkbMcGraw-Hill Irwin c2009. axix, 776p.: ill.; figures, tables, picturesbAppendix, Indexc28cm aRichard B. Chase aNicholas J. Aquilano